000 00259 a2200097 4500
001 39965
100 _aGopinath M A
245 _aConstruction of Depth Version of Colon Classification
260 _aNew Delhi
_bWiley Eastern Ltd
_c1986
090 _c24955
_d24955
942 _aNUST-CAE
_cM
_c16619
999 _c275038
_d275038